[Event "Int. Stuttgarter Stadtmeisterschaft A"]
[Site "Ditzingen"]
[Date "2019.06.01"]
[Round "5.23"]
[White "Gabriel, Josef"]
[Black "Scheynin, Julia"]
[Result "0-1"]
[WhiteElo "2062"]
[BlackElo "1972"]
[PlyCount "118"]
[EventDate "2019.??.??"]
[WhiteTeam "Stuttgarter SF"]
[BlackTeam "Karlsruher SF 1853"]

1. e4 e6 2. d3 d5 3. Nd2 Nf6 4. Ngf3 c5 5. g3 Nc6 6. Bg2 Be7 7. O-O O-O 8. Re1
d4 9. e5 Nd5 10. a4 b6 11. h4 Qc7 12. Nc4 Bb7 13. Bg5 Rab8 14. Bxe7 Qxe7 15.
Ng5 h6 16. Ne4 a6 17. Qh5 f5 18. exf6 Nxf6 19. Qg6 b5 20. axb5 axb5 21. Ncd2
Ne5 22. Nxf6+ Rxf6 23. Qh5 Bxg2 24. Qxe5 Rbf8 25. f4 Bc6 26. Kh2 Rxf4 27. Ne4
R4f5 28. Ra7 Qxa7 29. Qxe6+ Qf7 30. Qxc6 Rf2+ 31. Kg1 Qf3 32. Qe6+ Kh8 33. Nxf2
Qxf2+ 34. Kh1 Qxg3 35. h5 Qh4+ 36. Kg1 Qg5+ 37. Kh2 Qxh5+ 38. Kg3 Qg5+ 39. Qg4
Qf6 40. Re2 Qd6+ 41. Kg2 Qc6+ 42. Re4 Qf6 43. Re2 Qf1+ 44. Kg3 Qg1+ 45. Rg2
Qe3+ 46. Kh2 Qe5+ 47. Qg3 Qxg3+ 48. Kxg3 Rf5 49. Re2 h5 50. Re4 Kh7 51. b4 g6
52. bxc5 Rxc5 53. Rxd4 Rxc2 54. Kf3 Rc5 55. Ke4 h4 56. Rd7+ Kh6 57. d4 Rf5 58.
Rd8 Kg7 59. Ra8 h3 0-1

[Event "Int. Stuttgarter Stadtmeisterschaft A"]
[Site "Ditzingen"]
[Date "2019.06.01"]
[Round "5.24"]
[White "Huber, Benedikt"]
[Black "Wezel, Sebastian"]
[Result "1-0"]
[WhiteElo "2051"]
[BlackElo "1919"]
[PlyCount "47"]
[EventDate "2019.??.??"]
[WhiteTeam "SK MÃ¼nchen SÃ¼dost e.V."]
[BlackTeam "SV Dettingen Erms"]

1. d4 Nf6 2. c4 g6 3. Nf3 Bg7 4. g3 O-O 5. Bg2 d6 6. O-O Nc6 7. Nc3 a6 8. b3
Rb8 9. Nd5 Bg4 10. Bb2 e5 11. Nxf6+ Bxf6 12. d5 Bxf3 13. Bxf3 Nd4 14. Bg2 Nf5
15. Rc1 b6 16. Qd2 Bg5 17. e3 f6 18. b4 Ne7 19. c5 b5 20. Bh3 f5 21. f4 exf4
22. exf4 Bf6 23. Bxf6 Rxf6 24. Qd4 1-0

[Event "Int. Stuttgarter Stadtmeisterschaft A"]
[Site "Ditzingen"]
[Date "2019.06.01"]
[Round "5.25"]
[White "Schallner, Marc"]
[Black "Schmidt, Markus"]
[Result "1-0"]
[WhiteElo "2045"]
[BlackElo "1761"]
[PlyCount "65"]
[EventDate "2019.??.??"]
[WhiteTeam "SF 59 Kornwestheim"]
[BlackTeam "Stuttgarter SF 1879"]

1. e4 d6 2. d4 Nf6 3. Nc3 g6 4. f4 Bg7 5. Nf3 c6 6. Bd3 b5 7. e5 Nfd7 8. O-O
O-O 9. Qe1 Nb6 10. Qh4 f6 11. Ne4 Bf5 12. Nf2 Bxd3 13. Nxd3 Qd7 14. Re1 e6 15.
Bd2 Na6 16. Rad1 Nd5 17. Nf2 Nac7 18. Ne4 Ne8 19. exd6 Nxd6 20. Nc5 Qc8 21.
Rxe6 Qc7 22. Rde1 Nf5 23. Qf2 Nxf4 24. R6e4 Nd5 25. Ne6 Qb6 26. Nxf8 Rxf8 27.
c3 Nd6 28. Re6 Nc4 29. Bc1 b4 30. b3 Na3 31. c4 Nc7 32. Re7 Nb1 33. Bf4 1-0

[Event "Int. Stuttgarter Stadtmeisterschaft A"]
[Site "Ditzingen"]
[Date "2019.06.01"]
[Round "5.27"]
[White "Scherer, Holger"]
[Black "Lahouel, Kim-Luca"]
[Result "0-1"]
[WhiteElo "2169"]
[BlackElo "1974"]
[PlyCount "52"]
[EventDate "2019.??.??"]
[WhiteTeam "SK Lauffen"]
[BlackTeam "Heilbronner SV"]

1. Nf3 d5 2. g3 Nf6 3. Bg2 Nc6 4. O-O e5 5. d3 Bd6 6. Nbd2 O-O 7. e4 Be6 8. h3
h6 9. Nh4 dxe4 10. dxe4 Rb8 11. Nf5 Bc5 12. c3 Qd3 13. Nb3 Qxd1 14. Rxd1 Bb6
15. Be3 Rfd8 16. g4 Kh7 17. Bxb6 axb6 18. Ne3 Ne7 19. f3 Ng6 20. Bf1 Nf4 21. h4
Ra8 22. Rxd8 Rxd8 23. Nc4 Ra8 24. Nc1 Nd7 25. Ne3 h5 26. g5 Ng6 0-1

[Event "Int. Stuttgarter Stadtmeisterschaft A"]
[Site "Ditzingen"]
[Date "2019.06.01"]
[Round "5.28"]
[White "Kemper, Yannick"]
[Black "BrÃ¤uner, Uwe"]
[Result "0-1"]
[WhiteElo "1856"]
[BlackElo "2163"]
[PlyCount "84"]
[EventDate "2019.??.??"]
[WhiteTeam "SK 1912 Ludwigshafen"]
[BlackTeam "SF Pfullingen"]

1. e4 e6 2. d4 d5 3. Nc3 Bb4 4. e5 b6 5. Qg4 Bf8 6. Nf3 Qd7 7. Be3 Ne7 8. Nh4
c6 9. f4 g6 10. a3 Ba6 11. Bxa6 Nxa6 12. Qe2 Nc7 13. Nf3 Nf5 14. Bf2 h5 15.
O-O-O b5 16. h3 b4 17. axb4 Bxb4 18. g4 Ng7 19. Na4 Rb8 20. Be1 hxg4 21. Ng5
gxh3 22. Rd3 c5 23. Nxc5 Bxc5 24. dxc5 Qa4 25. Kb1 Nh5 26. Rhxh3 Qb5 27. Bc3
Ke7 28. Qg4 Qc4 29. Rhf3 Ng7 30. Nh3 Rh5 31. Qg1 Nf5 32. Ba5 Nb5 33. Bc3 d4 34.
Ba5 Ne3 35. Rfxe3 dxe3 36. Qxe3 Rc8 37. c6 Rxc6 38. Bd8+ Ke8 39. Qd2 Rxh3 40.
Rxh3 Qf1+ 41. Ka2 Qxh3 42. c3 Nxc3+ 0-1

[Event "Int. Stuttgarter Stadtmeisterschaft A"]
[Site "Ditzingen"]
[Date "2019.06.01"]
[Round "5.29"]
[White "HÃ¼ttig, Michael"]
[Black "ReichenbÃ¤cher, Thomas"]
[Result "1-0"]
[WhiteElo "2114"]
[BlackElo "1949"]
[PlyCount "125"]
[EventDate "2019.??.??"]
[WhiteTeam "SC Erdmannhausen"]
[BlackTeam "SVG Konstanz"]

1. Nf3 c5 2. g3 Nc6 3. Bg2 g6 4. O-O Bg7 5. Nc3 d6 6. d3 e6 7. e4 Nge7 8. Bg5
h6 9. Be3 O-O 10. Qd2 Kh7 11. d4 c4 12. Qe2 d5 13. e5 Nf5 14. Rae1 a6 15. Nd1
b5 16. c3 Bd7 17. Bc1 a5 18. g4 Nh4 19. Nxh4 Qxh4 20. f4 Qd8 21. Ne3 f5 22. Rf3
fxg4 23. Nxg4 Ne7 24. Kh1 Nf5 25. Rg1 Be8 26. Rh3 Ra7 27. Bf3 Kg8 28. Nf2 a4
29. a3 Rc7 30. Qe1 Ra7 31. Bd1 Rc7 32. Bc2 Ra7 33. Nd1 Kh7 34. Be3 Kg8 35. Bf2
Qd7 36. Bh4 Kh7 37. Nf2 h5 38. Bg5 Kg8 39. Rf3 Qc6 40. Nh3 Qd7 41. Rg2 Qc6 42.
Ng1 Bf7 43. Rh3 Qb6 44. Nf3 b4 45. axb4 a3 46. bxa3 Rxa3 47. Nh4 Rfa8 48. Nxf5
exf5 49. Rg1 Kf8 50. Re3 Qe6 51. Re2 Ra1 52. Qxa1 Rxa1 53. Rxa1 Kg8 54. Ra8+
Kh7 55. Bd1 Bh6 56. Bf6 Bg7 57. Ra7 Bxf6 58. exf6 Qxf6 59. Ree7 Qh4 60. Rxf7+
Kg8 61. Rfe7 Kf8 62. Ba4 Qxf4 63. Re8# 1-0

[Event "Int. Stuttgarter Stadtmeisterschaft A"]
[Site "Ditzingen"]
[Date "2019.06.01"]
[Round "5.30"]
[White "Christ, Marcel"]
[Black "Sieker, Roland"]
[Result "1/2-1/2"]
[WhiteElo "1836"]
[BlackElo "2055"]
[PlyCount "75"]
[EventDate "2019.??.??"]
[WhiteTeam "SC Ingersheim e.V."]
[BlackTeam "Mönchfelder SV 1967"]

1. e4 e5 2. Nf3 d6 3. d4 Nd7 4. c4 Ngf6 5. Nc3 c6 6. Be2 Be7 7. g4 Nxg4 8. Rg1
exd4 9. Nxd4 Nge5 10. Nf5 Nc5 11. Nxg7+ Kd7 12. Be3 Kc7 13. Nf5 Bxf5 14. Bxc5
Be6 15. Bd4 f6 16. Bxe5 fxe5 17. Qd3 Bg5 18. Rd1 Rg8 19. b4 Qe7 20. h3 Raf8 21.
Rf1 Bh4 22. Rd2 Rf6 23. Bg4 Bxg4 24. hxg4 Rxg4 25. c5 Rgf4 26. Qc4 dxc5 27.
bxc5 Qe6 28. Qa4 Rf8 29. Qxa7 Qc4 30. Qa5+ Kb8 31. Rd7 Rxe4+ 32. Nxe4 Qxe4+ 33.
Kd2 Bg5+ 34. f4 Bxf4+ 35. Kc3 Rc8 36. Rxb7+ Kxb7 37. Qb6+ Ka8 38. Qa6+ 1/2-1/2

[Event "Int. Stuttgarter Stadtmeisterschaft A"]
[Site "Ditzingen"]
[Date "2019.06.01"]
[Round "5.31"]
[White "Denk, JÃ¼rgen"]
[Black "DÃ¶lker, Kai"]
[Result "1-0"]
[WhiteElo "2028"]
[BlackElo "1927"]
[PlyCount "87"]
[EventDate "2019.??.??"]
[WhiteTeam "SC Leinzell"]
[BlackTeam "SV Stuttgart-Wolfbusch 1956 e.V."]

1. d4 Nf6 2. c4 e6 3. g3 d5 4. Bg2 c6 5. Nf3 Bd6 6. Qc2 O-O 7. Nbd2 Nbd7 8. O-O
Re8 9. Rd1 Qe7 10. e4 dxe4 11. Nxe4 Nxe4 12. Qxe4 e5 13. Bg5 Nf6 14. Bxf6 gxf6
15. Nh4 Qe6 16. d5 cxd5 17. Qxd5 Be7 18. Qxe6 Bxe6 19. Bxb7 Rab8 20. Bc6 Rec8
21. Bb5 Bxc4 22. Bxc4 Rxc4 23. Rd7 Bc5 24. Nf5 Rf8 25. Rad1 Rc2 26. R1d2 Rxd2
27. Rxd2 Rb8 28. Rc2 Bf8 29. b3 Rb6 30. Kg2 h5 31. Kf3 a6 32. Rc8 Re6 33. Ke4
Rb6 34. Kd5 Rb5+ 35. Kc6 Rc5+ 36. Kb7 Rxc8 37. Kxc8 Kh7 38. Kd7 Kg6 39. Ne7+
Kg5 40. b4 f5 41. a4 e4 42. b5 axb5 43. axb5 Kf6 44. b6 1-0

[Event "Int. Stuttgarter Stadtmeisterschaft A"]
[Site "Ditzingen"]
[Date "2019.06.01"]
[Round "5.32"]
[White "Zeiler, Klaus"]
[Black "Ohler, Julius"]
[Result "1-0"]
[WhiteElo "2004"]
[BlackElo "1837"]
[PlyCount "65"]
[EventDate "2019.??.??"]
[WhiteTeam "Stuttgarter SF 1879"]
[BlackTeam "SG Trier"]

1. d4 d5 2. Nf3 Nf6 3. e3 c5 4. c3 e6 5. Bd3 Nc6 6. Nbd2 Qc7 7. O-O Bd7 8. Qe2
cxd4 9. exd4 Bd6 10. Re1 O-O 11. Ne5 Ne7 12. f4 Ng6 13. Nf1 Bc6 14. g4 Nd7 15.
Ng3 Ndxe5 16. fxe5 Be7 17. g5 Rfe8 18. Qg4 Bf8 19. Nh5 a6 20. Bf4 Bb5 21. Bc2
Qc6 22. Re3 Qc4 23. b3 Qc7 24. Rh3 Be7 25. a4 Bd7 26. Rf1 Bb4 27. Bd2 Ba5 28.
Nf6+ gxf6 29. gxf6 Bb6 30. Bxg6 fxg6 31. f7+ Kf8 32. Bh6+ Ke7 33. Qg5# 1-0

[Event "Int. Stuttgarter Stadtmeisterschaft A"]
[Site "Ditzingen"]
[Date "2019.06.01"]
[Round "5.33"]
[White "Pudmensky, Stefan"]
[Black "Jakob, Georg"]
[Result "1-0"]
[WhiteElo "1819"]
[BlackElo "2002"]
[PlyCount "105"]
[EventDate "2019.??.??"]
[WhiteTeam "SK Lauffen"]
[BlackTeam "SG KÃ¶nigskinder HohentÃ¼bingen e."]

1. d4 Nf6 2. Nf3 g6 3. c4 Bg7 4. g3 O-O 5. Bg2 d6 6. Nc3 a6 7. O-O Nbd7 8. Qc2
c5 9. e3 Rb8 10. a4 e5 11. dxe5 Nxe5 12. Nxe5 dxe5 13. Rd1 Qe7 14. b3 e4 15.
Bb2 Bg4 16. Nd5 Nxd5 17. Rxd5 Rfe8 18. Bxg7 Kxg7 19. Qc3+ Kg8 20. Ra2 Be6 21.
Rd1 Rbd8 22. Rxd8 Rxd8 23. Rd2 Bf5 24. Rxd8+ Qxd8 25. Qc2 h5 26. Bxe4 Bxe4 27.
Qxe4 Qd1+ 28. Kg2 Qxb3 29. Qe8+ Kg7 30. Qe5+ Kh7 31. Qxc5 Qxa4 32. e4 Qc6 33.
Qd5 Kg8 34. Kf3 Kf8 35. Ke3 Ke7 36. c5 a5 37. Qxc6 bxc6 38. f4 Ke6 39. Kd4 g5
40. Kc3 gxf4 41. gxf4 f5 42. e5 h4 43. h3 a4 44. Kb4 Kd5 45. Kxa4 Kxc5 46. Kb3
Kd5 47. Kb4 Ke4 48. e6 Kxf4 49. e7 Kg3 50. e8=Q Kxh3 51. Qg6 f4 52. Qg1 c5+ 53.
Kxc5 1-0

[Event "Int. Stuttgarter Stadtmeisterschaft A"]
[Site "Ditzingen"]
[Date "2019.06.01"]
[Round "5.34"]
[White "Giebler, Kai"]
[Black "SchÃ¶nhof, Timo"]
[Result "1/2-1/2"]
[WhiteElo "1730"]
[BlackElo "1991"]
[PlyCount "87"]
[EventDate "2019.??.??"]
[WhiteTeam "TSF Ditzingen"]
[BlackTeam "SK Engen"]

1. e4 c5 2. Nf3 g6 3. d4 cxd4 4. Nxd4 Nc6 5. c4 Bg7 6. Be3 Nf6 7. f3 d6 8. Nc3
O-O 9. Be2 Nxd4 10. Bxd4 Nd7 11. Bxg7 Kxg7 12. b3 Nc5 13. O-O Bd7 14. Qd4+ f6
15. f4 Bc6 16. f5 Nd7 17. Kh1 Qb6 18. Qd2 a5 19. h4 Ne5 20. Qf4 Qd4 21. Rac1
Nf7 22. Rf3 Qe5 23. Qe3 Qc5 24. Qd2 a4 25. Rcf1 axb3 26. axb3 Ra3 27. Bd1 b5
28. Nd5 Bxd5 29. cxd5 b4 30. Rg3 Rfa8 31. fxg6 hxg6 32. Bh5 Ne5 33. Qe2 Ra1 34.
Bxg6 Nxg6 35. h5 Rxf1+ 36. Qxf1 Qd4 37. Rxg6+ Kf7 38. Qf5 Ra1+ 39. Kh2 Qg1+ 40.
Kh3 Qh1+ 41. Kg3 Qe1+ 42. Kg4 Qe2+ 43. Qf3 Qxf3+ 44. gxf3 1/2-1/2

[Event "Int. Stuttgarter Stadtmeisterschaft A"]
[Site "Ditzingen"]
[Date "2019.06.01"]
[Round "5.35"]
[White "Lehmann, Stefan"]
[Black "Mikeler, Marcel"]
[Result "0-1"]
[WhiteElo "1990"]
[BlackElo "1889"]
[PlyCount "64"]
[EventDate "2019.??.??"]
[WhiteTeam "Ssg Fils-Lauter"]
[BlackTeam "Heilbronner SV"]

1. e4 e5 2. Nf3 Nc6 3. Bc4 Bc5 4. c3 Nf6 5. d4 exd4 6. e5 d5 7. Bb5 Ne4 8. cxd4
Bb4+ 9. Bd2 Be7 10. Be3 O-O 11. Nc3 Nxc3 12. bxc3 Bf5 13. O-O Na5 14. Re1 c6
15. Bd3 Qd7 16. h3 Bxd3 17. Qxd3 Nc4 18. Bg5 Rfe8 19. a4 a5 20. h4 Bf8 21. Nh2
b5 22. Qg3 Kh8 23. Ng4 Qf5 24. f4 b4 25. Nh6 Qg6 26. f5 Qh5 27. cxb4 f6 28. Qg4
Qxg4 29. Nxg4 fxg5 30. hxg5 Bxb4 31. Re2 Bc3 32. Rd1 Nb2 0-1

[Event "Int. Stuttgarter Stadtmeisterschaft A"]
[Site "Ditzingen"]
[Date "2019.06.01"]
[Round "5.36"]
[White "Hardt, Anton"]
[Black "Hoeschele, Hans-Ulrich"]
[Result "0-1"]
[WhiteElo "1816"]
[BlackElo "1983"]
[PlyCount "66"]
[EventDate "2019.??.??"]
[WhiteTeam "SK Mannheim-Lindenhof 1865"]
[BlackTeam "Stuttgarter SF 1879"]

1. e4 e5 2. Nf3 d6 3. d4 exd4 4. Nxd4 Nf6 5. Nc3 Be7 6. Bc4 Nc6 7. O-O Nxd4 8.
Qxd4 c6 9. h3 O-O 10. Bf4 Qb6 11. Qxb6 axb6 12. a4 Nd7 13. Rfd1 Ne5 14. Be2 Be6
15. Be3 Nd7 16. f4 f5 17. exf5 Bxf5 18. Rd2 d5 19. g4 Bg6 20. f5 Bf7 21. Rdd1
Rfe8 22. Bf2 Bf6 23. Kf1 h5 24. Bd4 Bg5 25. Bf3 Ne5 26. Bxe5 Rxe5 27. Re1 Rxe1+
28. Kxe1 Re8+ 29. Kf1 Re3 30. Kf2 d4 31. Ne4 Bh4+ 32. Kg2 Bd5 33. Nd2 Re2+ 0-1

[Event "Int. Stuttgarter Stadtmeisterschaft A"]
[Site "Ditzingen"]
[Date "2019.06.01"]
[Round "5.37"]
[White "Reindl, Arno"]
[Black "Kreyer, Steve"]
[Result "1-0"]
[WhiteElo "1977"]
[BlackElo "1792"]
[PlyCount "65"]
[EventDate "2019.??.??"]
[WhiteTeam "SG Schwäbisch Gmünd"]
[BlackTeam "SC Feuerbach"]

1. e4 e5 2. Nf3 Nc6 3. d4 exd4 4. Nxd4 Nf6 5. Nxc6 bxc6 6. e5 Qe7 7. Qe2 Nd5 8.
c4 Ba6 9. b3 d6 10. Qe4 Nb4 11. a3 d5 12. Qe2 Rd8 13. axb4 Qxb4+ 14. Nd2 Qc3
15. Rxa6 Qxc1+ 16. Qd1 Qc3 17. Qa1 Qb4 18. Ra4 Qb8 19. Qc3 a5 20. c5 Be7 21.
Be2 Bg5 22. Nf3 Be7 23. O-O O-O 24. Nd4 Qb7 25. Rxa5 Ra8 26. Rfa1 Rxa5 27. Qxa5
f6 28. Ba6 Qa7 29. Nxc6 Qxc5 30. Qxc5 Bxc5 31. b4 Bb6 32. e6 Re8 33. Re1 1-0

[Event "Int. Stuttgarter Stadtmeisterschaft A"]
[Site "Ditzingen"]
[Date "2019.06.01"]
[Round "5.38"]
[White "Afonso, Nils"]
[Black "Harig, Alexander"]
[Result "1/2-1/2"]
[WhiteElo "1927"]
[BlackElo "2076"]
[PlyCount "73"]
[EventDate "2019.??.??"]
[WhiteTeam "SF 59 Kornwestheim"]
[BlackTeam "SK Schweich"]

1. d4 d5 2. c4 e6 3. Nc3 Nf6 4. cxd5 exd5 5. Bg5 Be7 6. e3 O-O 7. Qc2 h6 8. Bh4
b6 9. Bd3 Bb7 10. Nf3 Nbd7 11. O-O c5 12. Rfd1 Re8 13. Rac1 a6 14. dxc5 bxc5
15. b3 Qc7 16. Bf5 Nb6 17. Bg3 Bd6 18. Bxd6 Qxd6 19. e4 d4 20. e5 Rxe5 21. Nxe5
Qxe5 22. Re1 Qd6 23. Ne4 Bxe4 24. Bxe4 Nxe4 25. Qxe4 Rd8 26. Red1 Nd5 27. g3
Qb6 28. Qf3 Nc3 29. Rxc3 dxc3 30. Rxd8+ Qxd8 31. Qxc3 Qd1+ 32. Kg2 Qd6 33. Qf3
f6 34. Qe4 Kf7 35. h4 h5 36. Qf3 g6 37. Qb7+ 1/2-1/2

[Event "Int. Stuttgarter Stadtmeisterschaft A"]
[Site "Ditzingen"]
[Date "2019.06.01"]
[Round "5.39"]
[White "Potapov, Aleksey"]
[Black "Pfitzer, Norbert"]
[Result "0-1"]
[WhiteElo "1925"]
[BlackElo "2047"]
[PlyCount "58"]
[EventDate "2019.??.??"]
[WhiteTeam "Stuttgarter SF 1879"]
[BlackTeam "SV Backnang"]

1. e4 e5 2. f4 exf4 3. Nf3 Ne7 4. d4 Ng6 5. Bc4 c6 6. O-O b5 7. Bb3 Be7 8. Nc3
a5 9. a3 Bb7 10. Ne2 c5 11. d5 c4 12. Ba2 Qc7 13. Kh1 O-O 14. Nfd4 Ba6 15. Nxf4
d6 16. Nxg6 hxg6 17. Be3 Nd7 18. Nc6 Bf6 19. c3 Rfe8 20. Qf3 Bb7 21. Nd4 Ne5
22. Qg3 Qd7 23. Bg5 Bxg5 24. Qxg5 Nd3 25. Nxb5 Qxb5 26. Rxf7 Kxf7 27. Rf1+ Kg8
28. Qxg6 Qd7 29. Bxc4 Ne5 0-1

[Event "Int. Stuttgarter Stadtmeisterschaft A"]
[Site "Ditzingen"]
[Date "2019.06.01"]
[Round "5.40"]
[White "DÃ¶serich, JÃ¼rgen"]
[Black "Kobald, Jacqueline"]
[Result "1-0"]
[WhiteElo "2005"]
[BlackElo "1839"]
[PlyCount "91"]
[EventDate "2019.??.??"]
[WhiteTeam "Schwarze Pumpe Freiburg"]
[BlackTeam "SV Stuttgart-Wolfbusch 1956 e.V."]

1. d4 Nf6 2. c4 g6 3. Nc3 Bg7 4. e4 d6 5. Nf3 O-O 6. Be2 e5 7. O-O Nc6 8. d5
Ne7 9. Nd2 Nd7 10. b4 f5 11. a4 a5 12. bxa5 Nc5 13. f3 Bh6 14. Rb1 Be3+ 15. Kh1
f4 16. Ba3 Rxa5 17. Bxc5 Bxc5 18. Nb3 Bb4 19. Nxa5 Bxa5 20. Qb3 Bb6 21. a5 Ba7
22. Na4 g5 23. c5 Kh8 24. Rfc1 Rf6 25. Nb6 cxb6 26. axb6 Bb8 27. c6 Rh6 28. c7
Bxc7 29. Rxc7 Qe8 30. Qc2 Bd7 31. Rxd7 Qxd7 32. Qc7 Qe8 33. Bb5 Qh5 34. Qd8+
Ng8 35. h3 g4 36. Be8 Qh4 37. Qxh4 Rxh4 38. fxg4 Nf6 39. Bc6 Nxe4 40. Bxb7 Nc5
41. Bc6 Kg7 42. b7 Nxb7 43. Rxb7+ Kf6 44. Rb8 e4 45. Rf8+ Ke5 46. Rf5+ 1-0

[Event "Int. Stuttgarter Stadtmeisterschaft A"]
[Site "Ditzingen"]
[Date "2019.06.01"]
[Round "5.41"]
[White "Wirth, Steffen"]
[Black "Dreyer, Andre"]
[Result "1/2-1/2"]
[WhiteElo "1842"]
[BlackElo "1938"]
[PlyCount "81"]
[EventDate "2019.??.??"]
[WhiteTeam "SSV Zuffenhausen"]
[BlackTeam "SV Stockenhausen-Frommern"]

1. d4 Nf6 2. Bg5 d5 3. Bxf6 exf6 4. e3 Be6 5. g3 c6 6. Bg2 Qb6 7. b3 Nd7 8. Ne2
f5 9. Nd2 Nf6 10. O-O g6 11. c4 Bg7 12. Nf4 O-O 13. Qc2 Qd8 14. c5 Ne4 15. b4
Nxd2 16. Qxd2 Bh6 17. a4 Bxf4 18. exf4 a6 19. Ra3 Re8 20. Re1 Bd7 21. Rae3 Rxe3
22. Rxe3 Qf6 23. Re5 Re8 24. Qe3 Re6 25. b5 axb5 26. axb5 Qe7 27. Rxe6 Qxe6 28.
Qe5 Qxe5 29. fxe5 f6 30. f4 Kf7 31. Kf2 Ke6 32. bxc6 bxc6 33. exf6 Kxf6 34. Ke3
Bc8 35. Bf1 Ke6 36. Kd2 Kd7 37. Kc3 Kc7 38. Kb4 Kb7 39. Ka5 Ka7 40. Be2 Bd7 41.
Ba6 1/2-1/2

[Event "Int. Stuttgarter Stadtmeisterschaft A"]
[Site "Ditzingen"]
[Date "2019.06.01"]
[Round "5.42"]
[White "Dosch, Alexander"]
[Black "Pfeifer, Wilfried"]
[Result "1-0"]
[WhiteElo "1831"]
[BlackElo "1935"]
[PlyCount "105"]
[EventDate "2019.??.??"]
[WhiteTeam "SV Multatuli Ingelheim e.V."]
[BlackTeam "TSF Ditzingen"]

1. d4 f5 2. c4 d6 3. Nf3 Nf6 4. Nc3 g6 5. Qc2 Nc6 6. d5 Ne5 7. Nd4 Bg7 8. f4
Neg4 9. h3 Nh6 10. Be3 O-O 11. O-O-O Bd7 12. g3 c6 13. Bg2 Rc8 14. Bf3 cxd5 15.
cxd5 b5 16. Qb3 Qe8 17. Kb1 a6 18. Rc1 Nf7 19. Ne6 Bxe6 20. dxe6 Nd8 21. g4 Nc6
22. g5 Nh5 23. Bxc6 Qxc6 24. Nd5 Qb7 25. Bf2 Rfe8 26. Qd3 b4 27. e4 Rxc1+ 28.
Rxc1 Qb5 29. Qxb5 axb5 30. exf5 gxf5 31. Rc7 Bf8 32. Bd4 b3 33. axb3 Ng7 34.
Bxg7 Kxg7 35. Kc2 Kg6 36. Rb7 Kh5 37. Rxb5 Kh4 38. Ne3 Kxh3 39. Rxf5 Kg3 40.
Rf7 Rc8+ 41. Kd2 Kf3 42. f5 h5 43. Rh7 d5 44. f6 exf6 45. gxf6 Bc5 46. Nxd5 Kg4
47. e7 h4 48. f7 Bxe7 49. Nxe7 Rd8+ 50. Ke3 Kh3 51. Ng6 Rb8 52. f8=Q Rxb3+ 53.
Kd4 1-0

[Event "Int. Stuttgarter Stadtmeisterschaft A"]
[Site "Ditzingen"]
[Date "2019.06.01"]
[Round "5.43"]
[White "Kistler, Michael"]
[Black "Jaster, Dirk"]
[Result "1/2-1/2"]
[WhiteElo "1863"]
[BlackElo "1863"]
[PlyCount "94"]
[EventDate "2019.??.??"]
[WhiteTeam "VfL Sindelfingen"]
[BlackTeam "SC Feuerbach e. V."]

1. d4 Nf6 2. c4 e6 3. Nf3 b6 4. a3 Bb7 5. Nc3 Be7 6. Bg5 Ne4 7. Bxe7 Qxe7 8.
Nxe4 Bxe4 9. Nd2 Bb7 10. e3 d6 11. Qg4 Nd7 12. Be2 O-O-O 13. Bf3 c6 14. Qe4 g5
15. Qc2 Kb8 16. a4 g4 17. Bxg4 c5 18. Bf3 cxd4 19. Bxb7 dxe3 20. Bf3 exd2+ 21.
Qxd2 Ne5 22. Be2 d5 23. O-O d4 24. Qf4 Qd6 25. a5 Nxc4 26. Qxd6+ Nxd6 27. axb6
axb6 28. Ra6 Kb7 29. Rfa1 e5 30. Ra7+ Kc6 31. f3 f5 32. Rc1+ Kd5 33. Rcc7 b5
34. b4 Ra8 35. Rc5+ Ke6 36. Rac7 Rac8 37. Rxc8 Rxc8 38. Rxc8 Nxc8 39. Bxb5 e4
40. g4 d3 41. gxf5+ Kf6 42. fxe4 d2 43. Be2 Nd6 44. Kf1 Nxe4 45. b5 Kxf5 46. b6
Nc5 47. Bd1 Ke5 1/2-1/2

[Event "Int. Stuttgarter Stadtmeisterschaft A"]
[Site "Ditzingen"]
[Date "2019.06.01"]
[Round "6.1"]
[White "Zuferi, Enis"]
[Black "Sumets, Andrey"]
[Result "1/2-1/2"]
[WhiteElo "2337"]
[BlackElo "2585"]
[PlyCount "96"]
[EventDate "2019.??.??"]
[WhiteTeam "Heilbronner SV"]
[BlackTeam "SF Lilienthal von 1971"]

1. d4 d5 2. c4 c6 3. cxd5 cxd5 4. Bf4 Nc6 5. e3 Nf6 6. Nc3 Bg4 7. Qb3 Na5 8.
Qa4+ Bd7 9. Qc2 e6 10. Bd3 Nc6 11. a3 Nh5 12. Bg3 Nxg3 13. hxg3 h6 14. Nf3 Be7
15. O-O Rc8 16. Rfc1 g5 17. g4 h5 18. gxh5 g4 19. Ne5 Nxe5 20. dxe5 Rxh5 21.
Qd1 Rg5 22. g3 Bf8 23. Bb5 Bg7 24. Qa4 a6 25. Bxd7+ Qxd7 26. Qf4 Rxe5 27. Qxg4
Kf8 28. Na4 Re4 29. Rxc8+ Qxc8 30. Qd1 Qc6 31. Nc3 Rc4 32. Qh5 Bxc3 33. bxc3
Rxc3 34. Qh8+ Ke7 35. Qh4+ Kd7 36. Qf6 Ke8 37. Qh8+ Ke7 38. Qh4+ f6 39. Qh7+
Kd6 40. Qh8 Rc1+ 41. Rxc1 Qxc1+ 42. Kg2 Qb2 43. Kf3 Qe5 44. g4 Kc7 45. Qf8 b6
46. Qe8 b5 47. Qe7+ Kc6 48. Qe8+ Kc7 1/2-1/2

[Event "Int. Stuttgarter Stadtmeisterschaft A"]
[Site "Ditzingen"]
[Date "2019.06.01"]
[Round "6.2"]
[White "Schröder, Jan-Christian"]
[Black "Morgunov, Daniel"]
[Result "1/2-1/2"]
[WhiteElo "2569"]
[BlackElo "2290"]
[PlyCount "134"]
[EventDate "2019.??.??"]
[WhiteTeam "SV 1920 Hofheim"]

1. e4 e5 2. Nf3 Nc6 3. Bc4 Bc5 4. c3 Nf6 5. d3 a6 6. O-O Ba7 7. Bb3 d6 8. Re1
O-O 9. h3 Be6 10. Bc2 h6 11. Nbd2 Re8 12. Nf1 Ne7 13. d4 exd4 14. Nxd4 Ng6 15.
Ng3 c5 16. Nxe6 Rxe6 17. Be3 d5 18. exd5 Nxd5 19. Bd2 Rxe1+ 20. Qxe1 Ndf4 21.
Rd1 Qc7 22. c4 Rd8 23. Bc3 Rxd1 24. Qxd1 Bb8 25. Kf1 Qd6 26. Qf3 Qd7 27. Nf5
Ne6 28. Qd5 Qc6 29. Be4 Qxd5 30. cxd5 Ng5 31. Bc2 Nf4 32. d6 Nge6 33. Be4 b6
34. Be5 f6 35. Bxf4 Nxf4 36. d7 Bc7 37. Ne7+ Kf8 38. Nc6 Ne6 39. Bd3 a5 40. b3
Nd8 41. Na7 Ke7 42. Bb5 Ne6 43. h4 h5 44. g3 g5 45. hxg5 fxg5 46. Kg2 Nf8 47.
Nc6+ Kxd7 48. Nxa5+ Ke6 49. Nc4 h4 50. gxh4 gxh4 51. Kh3 Bd8 52. Kg4 Ng6 53. f4
Kd5 54. Be8 Nf8 55. Ne3+ Kd4 56. Nf5+ Kc3 57. Bf7 b5 58. Nxh4 Kb2 59. Nf5 Kxa2
60. Nd6 c4 61. bxc4 bxc4 62. Nxc4 Kb3 63. f5 Kc3 64. Ne5 Bf6 65. Nc6 Nd7 66.
Kf4 Kd3 67. Be8 Nc5 1/2-1/2

[Event "Int. Stuttgarter Stadtmeisterschaft A"]
[Site "Ditzingen"]
[Date "2019.06.01"]
[Round "6.3"]
[White "Doll, Michael"]
[Black "Nasuta, Grzegorz"]
[Result "0-1"]
[WhiteElo "2159"]
[BlackElo "2518"]
[PlyCount "66"]
[EventDate "2019.??.??"]
[WhiteTeam "SV Nürtingen 1920"]
[BlackTeam "Godesberger SK 1929 e. V"]

1. d4 Nf6 2. Nf3 g6 3. c4 Bg7 4. e3 O-O 5. Be2 b6 6. O-O Bb7 7. Nc3 e6 8. Qc2
d6 9. e4 Nbd7 10. Be3 Qe7 11. Rfd1 a6 12. Rab1 c5 13. d5 exd5 14. exd5 Bc8 15.
Qd2 Re8 16. Re1 Ng4 17. Bg5 Qf8 18. h3 Nge5 19. Nxe5 Nxe5 20. f4 Nd7 21. Bd3
Nf6 22. Rxe8 Qxe8 23. Re1 Qf8 24. Ne4 Nxe4 25. Rxe4 Bd7 26. Qe2 Bf5 27. Be7 Qb8
28. Re3 Bd4 29. Bxf5 Qe8 30. Kf1 Bxe3 31. Bxd6 gxf5 32. Qe1 f6 33. Qg3+ Kh8 0-1

[Event "Int. Stuttgarter Stadtmeisterschaft A"]
[Site "Ditzingen"]
[Date "2019.06.01"]
[Round "6.4"]
[White "Ciolek, Andreas"]
[Black "Morgunov, Marc"]
[Result "1-0"]
[WhiteElo "2241"]
[BlackElo "2364"]
[PlyCount "47"]
[EventDate "2019.??.??"]
[WhiteTeam "Münchener SC 1836 e.V."]

1. e4 c5 2. Nf3 d6 3. d4 cxd4 4. Nxd4 Nf6 5. Nc3 a6 6. Bg5 e6 7. Qd2 Be7 8. f4
h6 9. Bxf6 Bxf6 10. O-O-O Qc7 11. g4 g5 12. f5 Nc6 13. Nxc6 Qxc6 14. Nd5 Be5
15. Nb4 Qa4 16. a3 Bd7 17. h4 O-O-O 18. Qf2 Bf4+ 19. Kb1 a5 20. Na6 Bc6 21. Rd4
Qxd4 22. Qxd4 bxa6 23. fxe6 fxe6 24. Bxa6+ 1-0